000 00778nam a22002535i 4500
999 _c22372
_d22372
001 21352088
003 OSt
005 20220506133847.0
008 191119s2019 pe 000 0 spa
020 _a9786124436093
035 _a(PE-LiEIC)it201600017325
040 _cBiblioteca Municipal de Cusco
082 _a869.56/D232
100 1 _aDancourt, Carlos
_947957
245 1 4 _aLos deseos y la ciudad /
_cCarlos Dancourt
250 _aPrimera edición.
264 1 _aLima :
_bLluvia Editores,
_c2019.
300 _a91 páginas. :
_c24 cm.
490 0 _aColección Luis Fernando Vidal. Serie Sahumerio ;
_v8
500 _a"Perú - Barcelona"
650 _aCuentos peruanos
_y-Siglo XX.
_947958
800 _aVidal, Luis Fernando
_d1943-1993
_947959
942 _2ddc
_cLIBROS